Poesías
Zapisane w:
| 1. autor: | |
|---|---|
| Format: | Książka |
| Język: | Undetermined |
| Wydane: |
Barcelona, España
Maucci
1908
|
| Hasła przedmiotowe: | |
| Etykiety: |
Dodaj etykietę
Nie ma etykietki, Dołącz pierwszą etykiete!
|
MARC
| LEADER | 00000nam a2200000Ia 4500 | ||
|---|---|---|---|
| 008 | 170316s9999 xx 000 0 und d | ||
| 040 | |a cru BVZT | ||
| 090 | |a 860 S-24po | ||
| 100 | |a Silva, José A. | ||
| 245 | |a Poesías | ||
| 260 | |a Barcelona, España | ||
| 260 | |b Maucci | ||
| 260 | |c 1908 | ||
| 300 | |a 190 páginas | ||
| 650 | |a LITERATURA LATINOAMERICANA | ||
| 650 | |a POESÍAS | ||
| 942 | |c 15 D | ||
| 999 | |c 10429 |d 10429 | ||
